TomBom's Sofifa quiz - Statistics

General Stats
  • This quiz has been taken 25 times
  • The average score is 13 of 25
Answer Stats
Question Answer % Correct
Which country is TomBom from? United States
96%
Which player is in TomBom's profile picture? Gio Reyna
83%
What is TomBom's favorite word on Sofifa? pal
83%
How many accounts has TomBom had on Sofifa, in total? 1
79%
Which team in Germany does TomBom support? Borussia Dortmund
79%
Which city is TomBom from? Chicago
79%
How old is TomBom? 19
75%
What is TomBom's real first name? Thomas
75%
Which team in MLS does TomBom support? Chicago Fire
71%
Which language does TomBom speak, other than English? French
71%
What is TomBom studying in college? social studies education & French
71%
What year did TomBom come up with the name TomBom? 2014
63%
Which team in England does TomBom support? Manchester United
63%
What position does TomBom play in real life? right back
58%
Where did TomBom's grandfather come from? Slovakia
54%
In Which state does TomBom go to college? Minnesota
38%
What does TomBom want his job to be? Teacher
38%
Who is TomBom's favorite player from Chicago? Gabriel Slonina
29%
What was TomBom's first Sofifa meme? Get Paulinho'd
21%
Growing up, who was TomBom's idol? Marek Hamšík
21%
What's TomBom's favorite team in France? Stade Malherbe Caen
21%
Who is the GOAT, according to TomBom? Wout Weghorst
17%
What website does TomBom use to make his memes? Canva
13%
Who is TomBom's favorite player? Jadon Sancho
13%
What's TomBom's favorite movie? Ferris Bueller's Day Off
4%
No matching quizzes found
Score Distribution
Percent of People with Each Score
Percentile by Number Answered
Your Score History
You have not taken this quiz